| 000 | 00666nam a2200217 4500 | ||
|---|---|---|---|
| 003 | OSt | ||
| 005 | 20230907132757.0 | ||
| 006 | k|||||r|||| 00| zz | ||
| 008 | 708 R549v | ||
| 040 | _cLado V | ||
| 082 |
_a779.942.2 _bG216m |
||
| 100 |
_91041 _aGarcia, Hector |
||
| 245 | _aLe Bonheur des Tristes/ | ||
| 260 |
_bINBAL _aMexico _c1974 |
||
| 300 |
_a8p. _c22x21.5cm |
||
| 650 |
_2Tesauro de Arte & Arquitectura _aARTE _9702 |
||
| 650 |
_2Tesauro de Arte & Arquitectura _aFOTOGRAFIA _9702 |
||
| 650 |
_2Tesauro de Arte & Arquitectura _aFIGURAS HUMANAS |
||
| 650 |
_2Tesauro de Arte & Arquitectura _aCULTURA |
||
| 942 |
_2ddc _c1 _h779.942.2 _iG216m _n0 |
||
| 999 |
_c4301 _d4301 |
||